Normal view
MARC view
Entry Personal Name
001 - CONTROL NUMBER
- control field: 4378
003 - CONTROL NUMBER IDENTIFIER
- control field: ARRUPE
005 - DATE AND TIME OF LATEST TRANSACTION
- control field: 20131129104845.0
008 - FIXED-LENGTH DATA ELEMENTS
- fixed length control field: 131129|| aca||aabn | a|a d
040 ## - CATALOGING SOURCE
- Original cataloging agency: ARRUPE
- Transcribing agency: ARRUPE
100 ## - HEADING--PERSONAL NAME
- Personal name: Humphreys, Rachel
670 ## - SOURCE DATA FOUND
- Source citation: Work cat.: (ARRUPE): Humphreys, Rachel, Algiers, the Sahara and the Nile, 1912